[Event "Challenge"]
[Site "http://www.queenalice.com/game.php?id=1544388"]
[Date "2018.10.1"]
[Round "-"]
[White "WLAO"]
[Black "smcneil"]
[Result "0-1"]
[WhiteElo "1655"]
[BlackElo "1943"]

1. b3 c5 2. e4 e5 3. g3 Nf6 4. d3 h6 5. c4 Be7 6. Bg2 O-O 7. Be3 Nc6 8. Nf3 Ng4
9. O-O Nxe3 10. fxe3 Bg5 11. Nxg5 Qxg5 12. Qe2 d6 13. Nd2 a6 14. Nf3 Qd8 15. Nh4
b5 16. cxb5 axb5 17. Nf5 Bxf5 18. exf5 Rc8 19. Qh5 Qf6 20. Bh3 Nb4 21. Rfd1 Nd5
22. e4 Ne7 23. a4 b4 24. a5 Ra8 25. a6 Nc6 26. Rf1 Qg5 27. Qf3 Nd4 28. Qf2 Nxb3
29. Rfb1 Nxa1 30. Rxa1 Ra7 31. Qf3 Rfa8 32. g4 Rxa6 33. Rxa6 Rxa6 34. Bf1 Ra1
35. h3 Re1 36. Qf2 Qe3 37. Qxe3 Rxe3 38. Kf2 b3 39. Kxe3 b2 40. Kf2 b1=Q 41. Be2
c4 42. dxc4 Qxe4 43. Ke1 Qh1+ 44. Kd2 Qxh3 45. Ke1 g6 46. fxg6 fxg6 47. Kd1 Qe3
48. c5 dxc5 49. Bc4+ Kg7 50. Be2 Qd4+ 51. Ke1 e4 52. Kf1 c4 53. g5 hxg5 54. Kg2
c3 55. Bg4 c2 56. Kg3 c1=Q 57. Kh2 Qf4+ 58. Kg2 Qdf2+ 59. Kh3 Q2h2# 0-1

[Event "AUTO-ADV-4092"]
[Site "http://www.queenalice.com/game.php?id=1549230"]
[Date "2018.11.15"]
[Round "1"]
[White "TheOperator"]
[Black "smcneil"]
[Result "0-1"]
[WhiteElo "1722"]
[BlackElo "1931"]

1. e4 c5 2. Bc4 e6 3. Nf3 b6 4. Nc3 Bb7 5. a3 Nf6 6. d3 h6 7. O-O Be7 8. Bd2 O-O
9. e5 Nd5 10. d4 cxd4 11. Nxd4 Nc6 12. Nxd5 Nxd4 13. Nxe7+ Qxe7 14. Be3 Nf5 15.
Bf4 Rac8 16. b3 a6 17. a4 a5 18. Be2 Be4 19. Bd3 Bxd3 20. Qxd3 Qb4 21. Be3 Nxe3
22. Qxe3 Rxc2 23. Rfd1 Rc3 24. Rd3 Rxd3 25. Qxd3 Rd8 26. h3 d5 27. Qg3 Qd4 28.
Kh2 Qxa1 0-1

[Event "AUTO-ADV-4092"]
[Site "http://www.queenalice.com/game.php?id=1549231"]
[Date "2018.11.15"]
[Round "1"]
[White "smcneil"]
[Black "TheOperator"]
[Result "1-0"]
[WhiteElo "1952"]
[BlackElo "1688"]

1. e4 e5 2. Nf3 d6 3. Bc4 h6 4. h3 Nf6 5. Nc3 c6 6. O-O Nbd7 7. d3 b5 8. Bb3 Be7
9. a3 O-O 10. Be3 Qc7 11. a4 a5 12. axb5 cxb5 13. Nxb5 Qd8 14. Nc3 Bb7 15. Qd2
Ba6 16. Nd5 Nxd5 17. Bxd5 Rb8 18. b3 Nf6 19. Rxa5 Bb5 20. c4 Bd7 21. Rb1 Qc7 22.
Ra7 Qd8 23. b4 Nxd5 24. exd5 Bf5 25. Ne1 Bh4 26. Nf3 Bf6 27. b5 Ra8 28. b6 Rb8
29. Rb3 Bc8 30. Qa5 Qe7 31. Rxe7 Bxe7 32. Qa7 Bb7 33. Nd2 Bf6 34. Ne4 Be7 35.
Ng3 Bf6 36. Nf5 Rfd8 37. f4 1-0

[Event "AUTO-ADV-4092"]
[Site "http://www.queenalice.com/game.php?id=1549242"]
[Date "2018.11.15"]
[Round "1"]
[White "miguel7"]
[Black "smcneil"]
[Result "1-0"]
[WhiteElo "1848"]
[BlackElo "1972"]

1. e4 c5 2. Nf3 b6 3. d4 cxd4 4. Nxd4 Bb7 5. Nc3 e5 6. Nf3 d6 7. Bc4 Nf6 8. Ng5
d5 9. Nxd5 Nxd5 10. exd5 Be7 11. Nxf7 Kxf7 12. d6+ Ke8 13. Qh5+ g6 14. Qxe5 Rf8
15. dxe7 Qxe7 16. Qxe7+ Kxe7 17. Bg5+ Kd6 18. Rd1+ Ke5 19. O-O Kf5 20. Bd5 Bxd5
21. Rxd5+ Ke6 22. Rfd1 Kf7 23. Rd6 Kg8 24. Rd8 Nc6 25. R8d7 Rf7 26. Rxf7 Kxf7
27. Rd7+ Kg8 28. Bf6 Re8 29. h3 Re6 30. Bd4 Nxd4 31. Rxd4 a5 32. Kf1 h5 33. f3
Rc6 34. c3 Kg7 35. g4 Kh6 36. h4 Rf6 37. g5+ 1-0

[Event "AUTO-ADV-4092"]
[Site "http://www.queenalice.com/game.php?id=1549243"]
[Date "2018.11.15"]
[Round "1"]
[White "smcneil"]
[Black "miguel7"]
[Result "1-0"]
[WhiteElo "1939"]
[BlackElo "1863"]

1. e4 c5 2. Bc4 e6 3. Nf3 d5 4. exd5 exd5 5. Bb5+ Nc6 6. Bxc6+ bxc6 7. O-O d4 8.
d3 Bg4 9. h3 Bxf3 10. Qxf3 Qf6 11. Qe4+ Ne7 12. Na3 g6 13. Nc4 O-O-O 14. Qg4+
Nf5 15. Bg5 h5 16. Bxf6 hxg4 17. Bxh8 gxh3 18. g3 Bd6 19. Bf6 Rg8 20. Kh2 Bf8
21. Kxh3 Be7 22. Bxe7 Nxe7 23. Nd6+ Kd7 24. Nxf7 Ke6 25. Ng5+ Kd5 26. Rae1 Nf5
27. Re6 Rh8+ 28. Kg2 a5 29. Rfe1 Ne3+ 30. fxe3 c4 31. dxc4+ Kxc4 32. Rxc6+ Kd5
33. Ra6 1-0

[Event "AUTO-ADV-4092"]
[Site "http://www.queenalice.com/game.php?id=1549248"]
[Date "2018.11.15"]
[Round "1"]
[White "Jackzapo"]
[Black "smcneil"]
[Result "1/2-1/2"]
[WhiteElo "1943"]
[BlackElo "1951"]

1. d4 b5 2. e4 Bb7 3. Bd3 a6 4. Nf3 e6 5. O-O Nf6 6. Re1 h6 7. h3 Be7 8. Nbd2
O-O 9. e5 Nd5 10. a3 c5 11. dxc5 Bxc5 12. Ne4 Bb6 13. Nd6 Bc6 14. c4 bxc4 15.
Bxc4 Bc5 16. Ne4 Be7 17. b4 Nb6 18. Bb3 Bd5 19. Ned2 Bxb3 20. Nxb3 Nd5 21. Bd2
d6 22. Rc1 Nd7 23. Na5 dxe5 24. Nc6 Qe8 25. Nxe7+ Qxe7 26. Qe2 f6 27. Rc6 Nb8
28. Rc5 Nd7 29. Rc6 Nb8 30. Rc5 Nd7 31. Rc6 1/2-1/2

[Event "AUTO-ADV-4092"]
[Site "http://www.queenalice.com/game.php?id=1549249"]
[Date "2018.11.15"]
[Round "1"]
[White "smcneil"]
[Black "Jackzapo"]
[Result "0-1"]
[WhiteElo "1977"]
[BlackElo "1974"]

1. e4 c5 2. Bc4 e6 3. e5 Nc6 4. Nf3 a6 5. a4 Qc7 6. O-O d6 7. c3 dxe5 8. Re1 Bd6
9. d3 Nf6 10. Bg5 Be7 11. Nbd2 O-O 12. Nb3 b6 13. Nbd2 Bb7 14. Bh4 Rad8 15. Bxf6
Bxf6 16. Ne4 Be7 17. Qe2 Na5 18. Ba2 Bd5 19. c4 Bc6 20. b3 f5 21. Neg5 Bxg5 22.
Nxg5 Qe7 23. Nf3 e4 24. Ne5 Bb7 25. Rad1 Qg5 26. Qe3 Qxe3 27. Rxe3 g5 28. g3 Nc6
29. Nxc6 Bxc6 30. Bb1 Kg7 31. Kf1 h6 32. h3 f4 33. gxf4 gxf4 34. Ree1 e3 35.
fxe3 fxe3+ 36. Kg1 Rf2 37. Rxe3 Rg2+ 38. Kf1 Rf8+ 39. Ke1 Rff2 40. h4 Rh2 41.
Rxe6 Rb2 42. Re7+ Kf6 0-1

[Event "AUTO-ADV-4023"]
[Site "http://www.queenalice.com/game.php?id=1553194"]
[Date "2018.12.17"]
[Round "2"]
[White "smcneil"]
[Black "GildemarSantos"]
[Result "1-0"]
[WhiteElo "1974"]
[BlackElo "2112"]

1. e4 c5 2. Bc4 e6 3. Nc3 a6 4. a4 Nc6 5. Nf3 Nf6 6. O-O d6 7. d3 Be7 8. h3 O-O
9. Bg5 Bd7 10. Qd2 Nd4 11. Nxd4 cxd4 12. Ne2 e5 13. Ng3 1-0

[Event "AUTO-ADV-4023"]
[Site "http://www.queenalice.com/game.php?id=1553195"]
[Date "2018.12.17"]
[Round "2"]
[White "GildemarSantos"]
[Black "smcneil"]
[Result "0-1"]
[WhiteElo "2129"]
[BlackElo "1951"]

1. e4 c5 2. Nf3 b6 3. Bc4 e6 4. d4 Bb7 5. Nc3 h6 6. d5 exd5 7. Nxd5 Nf6 8. Qe2
a5 9. O-O Be7 10. Bf4 O-O 11. Bc7 Qe8 12. Rfe1 Bxd5 13. exd5 Bd8 0-1

[Event "AUTO-ADV-4023"]
[Site "http://www.queenalice.com/game.php?id=1553196"]
[Date "2018.12.17"]
[Round "2"]
[White "smcneil"]
[Black "Pin"]
[Result "0-1"]
[WhiteElo "1996"]
[BlackElo "1912"]

1. e4 c5 2. Bc4 e6 3. e5 d5 4. exd6 Bxd6 5. Nf3 Nf6 6. O-O O-O 7. d3 Nc6 8. Bg5
Be7 9. Be3 b6 10. Nc3 Na5 11. Bb5 Bd7 12. Bxd7 Qxd7 13. a3 Nd5 14. Nxd5 exd5 15.
h3 Bd6 16. Nd2 Nc6 17. Nb3 Rae8 18. Qf3 Ne5 19. Qxd5 Re6 20. Rfe1 Rg6 21. Bf4
Nc6 22. Bxd6 Rxd6 23. Qf3 Rf6 24. Qe4 Re6 25. Qg4 Rxe1+ 26. Rxe1 Qxg4 27. hxg4
g6 28. c3 f6 29. f4 Kf7 30. g3 Rd8 31. Re3 Rd7 32. Nc1 h6 33. Ne2 g5 34. b4 cxb4
35. axb4 Re7 36. Rxe7+ Kxe7 37. f5 Ne5 38. d4 Nxg4 39. c4 Ne3 40. c5 Nxf5 41.
Kg2 Ke6 42. Kf3 Kd5 43. Kg4 Ng7 44. Kf3 f5 45. Ke3 Nh5 46. Kd3 Nf6 47. Nc3+ Ke6
48. c6 Kd6 49. b5 h5 50. Ne2 Ne8 51. Kc4 h4 52. gxh4 gxh4 53. Nf4 Nc7 54. Nh3 a5
55. Nf4 Ne6 56. Nh3 f4 57. Nf2 Ng5 58. Ng4 h3 59. Kd3 Ne6 60. Ke4 a4 61. Kd3 Nc7
62. Kc4 a3 63. Kb3 Nxb5 64. Ka2 Kxc6 65. Kb3 Nxd4+ 66. Kxa3 f3 67. Kb4 Nc2+ 68.
Kc3 Ne3 69. Nxe3 h2 0-1

[Event "AUTO-ADV-4023"]
[Site "http://www.queenalice.com/game.php?id=1553197"]
[Date "2018.12.17"]
[Round "2"]
[White "Pin"]
[Black "smcneil"]
[Result "0-1"]
[WhiteElo "1938"]
[BlackElo "1957"]

1. c4 c5 2. Nc3 b6 3. Nf3 Bb7 4. e3 Nf6 5. Be2 e6 6. b3 Bd6 7. Bb2 O-O 8. O-O
Nc6 9. Qc2 h6 10. a3 Ne5 11. Ne1 Ng6 12. Bf3 Bxf3 13. Nxf3 Ne5 14. Nxe5 Bxe5 15.
Rad1 Qc7 16. h3 Nh7 17. Nb5 Qb8 18. d4 Bf6 19. b4 cxb4 20. axb4 a6 21. Na3 Qc7
22. Qe2 Ng5 23. Rc1 Ne4 24. Nb1 Nd6 25. Rfd1 Nf5 26. e4 Nh4 27. e5 Bg5 28. Rc2
Ng6 29. Nd2 Qb7 30. Ne4 Nf4 31. Qe1 f5 32. Nd6 Qxg2# 0-1

[Event "AUTO-ADV-4149"]
[Site "http://www.queenalice.com/game.php?id=1564188"]
[Date "2019.3.13"]
[Round "1"]
[White "smcneil"]
[Black "Spessatto"]
[Result "0-1"]
[WhiteElo "1911"]
[BlackElo "1813"]

1. e4 e5 2. Bc4 Bc5 3. Nf3 d6 4. h3 h6 5. O-O Nf6 6. d3 O-O 7. Nc3 a6 8. a4 Nc6
9. Bd5 Nxd5 10. Nxd5 Nd4 11. b4 Ba7 12. Be3 Be6 13. c3 Nxf3+ 14. Qxf3 c6 15.
Bxa7 Bxd5 16. exd5 Rxa7 17. c4 Ra8 18. dxc6 bxc6 19. Qxc6 Re8 20. Rfe1 Qf6 21.
Re4 Rec8 22. Qd5 Rab8 23. Qa5 Qe7 24. Re3 Qf6 25. b5 axb5 26. axb5 e4 27. Rxe4
Rc5 28. Qa7 Rcc8 29. Rae1 Ra8 30. Qd7 Rd8 31. Qc6 Ra1 32. Kf1 Rda8 0-1

[Event "AUTO-ADV-4149"]
[Site "http://www.queenalice.com/game.php?id=1564189"]
[Date "2019.3.13"]
[Round "1"]
[White "Spessatto"]
[Black "smcneil"]
[Result "1-0"]
[WhiteElo "1833"]
[BlackElo "1891"]

1. d4 b5 2. Nf3 Bb7 3. e3 a6 4. c3 e6 5. Bd3 Nf6 6. O-O Be7 7. Nbd2 O-O 8. Ne5
d6 9. Ng4 Nbd7 10. e4 d5 11. Nxf6+ Nxf6 12. e5 Nd7 13. Qg4 Bg5 14. Nf3 Bxc1 15.
Raxc1 Re8 16. Ng5 h6 17. Bh7+ Kf8 18. Nf3 Nb6 19. Nh4 Qg5 20. Qxg5 hxg5 21. Nf3
f6 22. Bg6 Red8 23. Nd2 Nc4 24. Nxc4 bxc4 25. f4 g4 26. f5 Bc8 27. fxe6 Ke7 28.
exf6+ gxf6 29. Bf5 Bxe6 30. Rce1 Rd6 31. Bxg4 Kf7 32. Bxe6+ 1-0

[Event "AUTO-ADV-4149"]
[Site "http://www.queenalice.com/game.php?id=1564190"]
[Date "2019.3.13"]
[Round "1"]
[White "smcneil"]
[Black "chessman"]
[Result "0-1"]
[WhiteElo "1958"]
[BlackElo "2019"]

1. e4 e6 2. d4 d5 3. e5 c5 4. Nf3 cxd4 5. Nxd4 Nc6 6. Nxc6 bxc6 7. c4 Ne7 8. c5
Ng6 9. Qd4 a5 10. a4 Qe7 11. Be3 Qc7 12. f4 Rb8 13. Bd3 Be7 14. O-O Bd7 15. Nd2
Rb4 16. Qc3 O-O 17. b3 Bc8 18. Nf3 Qa7 19. Rfc1 Ba6 20. Nd4 Rc8 21. g3 Bxd3 22.
Qxd3 Bxc5 23. Nc2 Bxe3+ 24. Nxe3 Re4 25. Re1 Rb8 26. Kg2 Reb4 27. Rab1 c5 28.
Qc2 c4 29. bxc4 Rxb1 30. Rxb1 Rxb1 31. Qxb1 Qxe3 32. cxd5 Qd2+ 33. Kh3 Qxd5 34.
Qb8+ Nf8 35. Qb5 Qxb5 36. axb5 a4 37. b6 Nd7 38. b7 a3 0-1

[Event "AUTO-ADV-4149"]
[Site "http://www.queenalice.com/game.php?id=1564191"]
[Date "2019.3.13"]
[Round "1"]
[White "chessman"]
[Black "smcneil"]
[Result "1/2-1/2"]
[WhiteElo "1886"]
[BlackElo "1961"]

1. e4 c5 2. Nf3 b6 3. d4 cxd4 4. Nxd4 Bb7 5. Bd3 e5 6. Nf3 d6 7. O-O Nf6 8. Re1
h6 9. Nc3 Be7 10. h3 O-O 11. a3 Nc6 12. Be3 a5 13. Qd2 Nd4 14. Nxd4 exd4 15.
Bxd4 Nd7 16. Re2 Bg5 17. Be3 Ba6 18. Bxa6 Rxa6 19. Bxg5 Qxg5 20. Qxd6 Ne5 21.
Kh1 Rd8 22. Qc7 Qf6 23. Nd5 Qd6 24. Qxd6 Rxd6 25. b3 b5 26. Rd2 Kh7 27. f4 Ng6
28. e5 Rdc6 29. Re1 Ra8 30. g3 Re8 31. Red1 Ne7 32. Kg2 1/2-1/2

[Event "AUTO-ADV-4149"]
[Site "http://www.queenalice.com/game.php?id=1564192"]
[Date "2019.3.13"]
[Round "1"]
[White "smcneil"]
[Black "rogervolei"]
[Result "1/2-1/2"]
[WhiteElo "1909"]
[BlackElo "1888"]

1. e4 e6 2. d4 Qh4 3. Nc3 Bb4 4. Qf3 Bxc3+ 5. bxc3 c6 6. Qf4 Qxf4 7. Bxf4 Nf6 8.
Bd3 b6 9. c4 Nh5 10. Bd6 f6 11. Nf3 Ba6 12. O-O b5 13. c5 g5 14. Nd2 Nf4 15. g3
Nxd3 16. cxd3 b4 17. Nc4 Bxc4 18. dxc4 a5 19. f4 gxf4 20. Bxf4 Ke7 21. Bd6+ Kf7
22. h4 Na6 23. Rf3 Rag8 24. Kh2 Rg4 25. Raf1 f5 26. Be5 Rhg8 27. exf5 exf5 28.
Rxf5+ Ke8 29. Rf7 h5 30. Rh7 b3 31. a3 a4 32. Rxh5 Re4 33. Rg5 Re2+ 34. Kh3 Rf8
35. Rgf5 Rxf5 36. Rxf5 b2 37. Rf1 Rc2 38. Rb1 Re2 39. h5 Kf7 40. g4 Re3+ 41. Kh4
Rxa3 42. Rxb2 Rb3 43. d5 Rxb2 44. Bxb2 cxd5 45. cxd5 Nxc5 46. g5 Nd3 47. Bf6 Nf4
48. d6 a3 49. h6 Kg6 50. Be7 a2 51. Bf6 Nh5 52. Ba1 Nf4 53. Kg4 Ne6 54. h7 Kxh7
55. Kf5 Nf8 56. Kf6 Ng6 57. Bb2 Nf4 58. Ke7 Kg6 59. Kxd7 Kxg5 60. Kc6 Kf5 61. d7
Ne6 62. Kd6 Nd8 63. Ke7 Nb7 64. d8=Q Nxd8 65. Kxd8 Ke4 1/2-1/2

[Event "AUTO-ADV-4149"]
[Site "http://www.queenalice.com/game.php?id=1564193"]
[Date "2019.3.13"]
[Round "1"]
[White "rogervolei"]
[Black "smcneil"]
[Result "1-0"]
[WhiteElo "1814"]
[BlackElo "1944"]

1. e4 c5 2. c3 b6 3. d4 cxd4 4. Qxd4 Bb7 5. Bd3 Nc6 6. Qe3 e6 7. Ne2 Bc5 8. Nd4
Qf6 9. Qf4 Qxf4 10. Bxf4 e5 11. Nxc6 Bxc6 12. Bxe5 Nf6 13. Bxf6 gxf6 14. b4 Bd6
15. b5 Bb7 16. O-O Be5 17. Rc1 Rg8 18. g3 a6 19. a4 a5 20. Ra2 Rc8 21. Rd2 h5
22. h4 Bd6 23. Be2 Bc5 24. Bxh5 Kf8 25. Rxd7 Rg7 26. Rxb7 Rxg3+ 27. Kh2 Rg7 28.
Kh3 Bxf2 29. Bg4 Rc4 30. Rf1 Rxe4 31. Rxf2 Rgxg4 32. Rxf6 Rxh4+ 33. Kg3 Reg4+
34. Kf3 Rg7 35. Rfxb6 Rxa4 36. Nd2 Ra3 37. Ne4 a4 38. Ra6 Ra1 39. Ra8# 1-0

[Event "AUTO-ADV-4175"]
[Site "http://www.queenalice.com/game.php?id=1570185"]
[Date "2019.5.8"]
[Round "1"]
[White "chessman"]
[Black "smcneil"]
[Result "1-0"]
[WhiteElo "1976"]
[BlackElo "1923"]

1. e4 c5 2. Nf3 b6 3. d4 e6 4. c3 Bb7 5. Be2 h6 6. O-O Nf6 7. e5 Nd5 8. Re1 Be7
9. c4 Nb4 10. a3 N4c6 11. d5 exd5 12. cxd5 Nd4 13. Nxd4 Bxd5 14. Nb5 Bg5 15.
Nd6+ Kf8 16. Qxd5 Qe7 17. Qxa8 Qd8 18. Qd5 Qe7 19. Qb7 Nc6 20. Bxg5 hxg5 21. Bf3
g6 22. Bxc6 dxc6 23. Qxc6 Kg7 24. Nc3 g4 25. Nde4 Qh4 26. Qf6+ Qxf6 27. Nxf6 g3
28. hxg3 Rd8 29. Rad1 Rd4 30. Rxd4 cxd4 31. Nb5 d3 32. Rd1 a6 33. Nd6 b5 34.
Rxd3 1-0

[Event "AUTO-ADV-4175"]
[Site "http://www.queenalice.com/game.php?id=1570186"]
[Date "2019.5.8"]
[Round "1"]
[White "smcneil"]
[Black "chessman"]
[Result "0-1"]
[WhiteElo "1947"]
[BlackElo "1985"]

1. e4 e6 2. d4 d5 3. e5 c5 4. Nf3 cxd4 5. Nxd4 Bd7 6. Bb5 a6 7. Bxd7+ Qxd7 8.
O-O Nc6 9. Nxc6 bxc6 10. Nc3 Bc5 11. Bf4 Ne7 12. Qg4 Ng6 13. Rfe1 O-O 14. h4 Qa7
15. Qg3 Bxf2+ 16. Qxf2 Qxf2+ 17. Kxf2 Nxf4 18. g4 Ng6 19. h5 Ne7 20. Na4 Rab8
21. b3 Rb4 22. Kg3 Nc8 23. Nc5 a5 24. c3 Rb5 25. Na4 Nb6 26. Nxb6 Rxb6 27. Kf4
c5 28. Rec1 Rd8 29. Rd1 h6 30. c4 d4 31. Ke4 Rb7 32. Rd3 Kf8 33. a4 Rb4 34. Ra3
Rdb8 35. Kf3 Ke7 36. Ke4 f6 37. Rf3 Rf8 38. Rf4 fxe5 39. Rf3 Rf4+ 40. Rxf4 exf4
41. Kxf4 Kf6 42. Ke4 e5 43. Kd5 d3 44. Kxc5 Kg5 45. Ra1 e4 46. Re1 d2 47. Rd1 e3
48. Kd4 e2 49. Rxd2 e1=Q 50. Rd3 Kxg4 51. Kc5 Kxh5 52. Rd5+ g5 0-1

[Event "AUTO-ADV-4175"]
[Site "http://www.queenalice.com/game.php?id=1570199"]
[Date "2019.5.8"]
[Round "1"]
[White "z3r0vulc4n"]
[Black "smcneil"]
[Result "0-1"]
[WhiteElo "1770"]
[BlackElo "1938"]

1. e4 c5 2. Nc3 b6 3. Bb5 a6 4. Bc4 b5 5. Bd5 Nc6 6. d3 Bb7 7. a3 e6 8. Bxc6
Bxc6 9. Nf3 h6 10. O-O Be7 11. h3 Nf6 12. b4 cxb4 13. axb4 Bxb4 14. Bb2 O-O 15.
Qe2 d6 16. e5 dxe5 17. Qxe5 Bd6 18. Qe3 Nd5 19. Nxd5 Bxd5 20. Qd4 f6 21. c4 bxc4
22. dxc4 Bc6 23. Qe3 Qd7 24. Rfd1 Qc7 25. Qxe6+ Kh8 26. Rxd6 Bxf3 27. gxf3 Rfe8
28. Qd7 Qxd7 29. Rxd7 Rec8 30. Rd6 a5 31. Rd4 Kh7 32. Rd7 Kg6 33. Rd5 a4 34. c5
Ra5 35. Bd4 a3 36. Rd6 a2 37. c6 Ra6 38. Rc1 Rc7 39. Kg2 h5 40. Kg3 Ra4 41. Ba1
Ra6 42. h4 Kf5 43. Rc5+ Kg6 44. Kf4 Ra4+ 45. Rd4 Ra6 46. Rd2 Rcxc6 47. Rxc6 Rxc6
48. Rxa2 Rc5 49. Ke4 Rc4+ 50. Bd4 Rc1 51. Ra1 Rc6 52. Rb1 Rd6 53. Rb6 Rd7 54. f4
Kf7 55. Ra6 Re7+ 56. Kf5 g6# 0-1

[Event "AUTO-ADV-4175"]
[Site "http://www.queenalice.com/game.php?id=1570200"]
[Date "2019.5.8"]
[Round "1"]
[White "smcneil"]
[Black "z3r0vulc4n"]
[Result "0-1"]
[WhiteElo "1933"]
[BlackElo "1789"]

1. e4 e5 2. Bc4 Nf6 3. d3 Nc6 4. Nf3 d5 5. Bb5 Bd7 6. O-O a6 7. Bxc6 Bxc6 8. Nc3
d4 9. Ne2 h6 10. Nxe5 Bd6 11. Nxc6 bxc6 12. Nxd4 O-O 13. Nxc6 Qd7 14. Na5 Ng4
15. h3 Nf6 16. Be3 Qb5 17. Nc4 Rae8 18. a4 Qd7 19. Nxd6 Qxd6 20. a5 Rb8 21. b3
c5 22. c4 Rfd8 23. Qd2 Rxb3 24. Rfd1 Qe5 25. Bf4 Qd4 26. Be3 Qe5 27. Bf4 Qh5 28.
Qc2 Rb4 29. Bc7 Rd7 30. Bb6 Qg5 31. Qd2 Qxd2 32. Rxd2 Nxe4 33. Rdd1 Nc3 34. Rd2
Na4 35. Kf1 Nxb6 36. axb6 Rxb6 37. f3 Rb3 38. Rxa6 Rbxd3 39. Rc2 Rd2 40. Rca2
Rxa2 41. Rxa2 Rd4 42. Ra4 Kf8 43. Kf2 Ke7 44. Ke3 Kd6 45. Ra6+ Ke5 46. Rc6 Rxc4
47. Rc7 Rc2 48. g3 Kf6 49. Rc6+ Ke7 50. Rc7+ Kf6 51. h4 g6 52. f4 Ke6 53. Kf3 f5
54. Rc6+ Kf7 55. Rc7+ Ke8 56. Rg7 Rc3+ 57. Kf2 Rc2+ 58. Kf3 Rd2 0-1

[Event "AUTO-ADV-4175"]
[Site "http://www.queenalice.com/game.php?id=1570209"]
[Date "2019.5.8"]
[Round "1"]
[White "smcneil"]
[Black "yeye2"]
[Result "1-0"]
[WhiteElo "1908"]
[BlackElo "1897"]

1. e4 e5 2. Nf3 d6 3. d3 Bg4 4. h3 Bxf3 5. Qxf3 Qf6 6. Qg4 h6 7. Qc8+ Qd8 8.
Qxd8+ Kxd8 9. Be2 Nc6 10. Nc3 Nd4 11. O-O Nxc2 12. Rb1 g6 13. a3 f5 14. f3 f4
15. Bd1 Nd4 16. b4 Ne7 17. Bb3 Nec6 18. Kf2 b5 19. Bd5 g5 20. Nxb5 Nxb5 21. Bxc6
Rb8 22. Bxb5 Rxb5 23. Bd2 1-0

[Event "AUTO-ADV-4175"]
[Site "http://www.queenalice.com/game.php?id=1570210"]
[Date "2019.5.8"]
[Round "1"]
[White "yeye2"]
[Black "smcneil"]
[Result "0-1"]
[WhiteElo "1881"]
[BlackElo "1924"]

1. e4 c5 2. Bc4 e6 3. d3 a6 4. Nf3 b5 5. Bb3 h6 6. O-O Be7 7. Be3 d6 8. c3 Nf6
9. c4 b4 10. a3 O-O 11. axb4 Qb6 12. bxc5 dxc5 13. Nc3 Ng4 14. Na4 Qb4 15. Bd2
Qb7 16. h3 Nf6 17. Be3 Nbd7 18. Qd2 Qxb3 19. Ra3 Qb4 20. Qxb4 cxb4 21. Rb3 a5
22. Nb6 Nxb6 23. Bxb6 a4 0-1

[Event "Challenge"]
[Site "http://www.queenalice.com/game.php?id=1571020"]
[Date "2019.5.15"]
[Round "-"]
[White "smcneil"]
[Black "wieczniak"]
[Result "0-1"]
[WhiteElo "1923"]
[BlackElo "1100"]

1. e4 e5 2. Nf3 Nc6 3. Bc4 Nf6 4. d3 h6 5. O-O Bc5 6. Nc3 a5 7. Nd5 d6 8. h3 Be6
9. Nxf6+ Qxf6 10. Bb5 Bd7 11. a4 g5 12. Nh2 h5 13. Qf3 Qe7 14. Be3 Nd4 15. Bxd7+
Kxd7 16. Qf5+ Nxf5 17. exf5 Bxe3 18. fxe3 f6 19. e4 Rag8 20. Rf3 g4 21. Rg3 gxh3
22. Rxh3 Qg7 0-1